000 00453pab a2200169 454500
008 180718b1996 xxu||||| |||| 00| 0 eng d
100 _aSethumadhava Rao, P.H.
245 _aHigher education in U.K. and India: current scenario
260 _c1996
300 _ap.3-6
362 _a19 Aug
650 _aEducation, Higher - Great Britain
650 _aEducation, Higher - India
650 _aEducation
773 _aUniversity News
909 _a31945
999 _c31945
_d31945